Movies Quiz

Random Movies or Star Wars Quiz

Star Wars Droids by Picture Quiz Stats

Quiz not verified by Sporcle

Challenge
Share
Tweet
Score 0/12 Timer 04:00
0 Plays Today
Location Droid % Correct
Column 1, Row 2C-3PO
96.3%
Column 3, Row 2R2-D2
95.8%
Column 2, Row 3B2 Super Battle Droid
80.4%
Column 2, Row 1Droideka
78.4%
Column 4, Row 2IG-88
69.7%
Column 4, Row 3Viper Probe Droid
58.6%
Column 3, Row 3IG-100 MagnaGuard
56.6%
Column 3, Row 12-1B
55.1%
Column 1, Row 14-LOM
46.9%
Column 4, Row 1DUM-Series Pit Droid
45.4%
Column 2, Row 2HK-47
28.8%
Column 1, Row 3PROXY
22.6%

You're not logged in!

Compare scores with friends on all Sporcle quizzes.
Join for Free
OR
Log In

You Might Also Like...

Show Comments

Extras

Top Quizzes Today


Score Distribution

Your Account Isn't Verified!

In order to create a playlist on Sporcle, you need to verify the email address you used during registration. Go to your Sporcle Settings to finish the process.

Report this User

Report this user for behavior that violates our Community Guidelines.

Details: